000 00350nam a22001457a 4500
008 210226b ||||| |||| 00| 0 eng d
020 _a0256022321
041 _aeng
080 _a338
082 _a338
100 _a53
101 _aMEN
245 _aCases and readings on basic elements of managing organizations
_cWebber, R.A
942 _2udc
_cBK
999 _c55285
_d55285